Manažer je také člověk. Hovoříme s prezidentem České manažerské asociace ing. Bořivojem Frýbertem.
Rozhovor o postavení, poslaní a problémoch manažérov v podmienkach privatizačných procesov. Názor na súčasnú úroveň podnikového managementu. Hlavné problémy, ktoré má vrcholový podnikový management v sprivatizovaných podnikoch. Význam vzťahu medzi manažérmi a odbormi. Hmotné zabezpečenie manažérov....
Salvato in:
| Autore principale: | |
|---|---|
| Altri autori: | |
| Natura: | Capitolo di libro |
| Lingua: | ceco |
| Soggetti: | |
| Tags: |
Nessun Tag, puoi essere il primo ad aggiungerne!!
|
MARC
| LEADER | 00000naa a2200000 4500 | ||
|---|---|---|---|
| 001 | r011208 | ||
| 005 | 20220831083807.8 | ||
| 041 | 0 | |a cze | |
| 044 | |a [CS] | ||
| 245 | 1 | 0 | |a Manažer je také člověk. |b Hovoříme s prezidentem České manažerské asociace ing. Bořivojem Frýbertem. |c B. Frýbert, J. Hejkal |
| 520 | |a Rozhovor o postavení, poslaní a problémoch manažérov v podmienkach privatizačných procesov. Názor na súčasnú úroveň podnikového managementu. Hlavné problémy, ktoré má vrcholový podnikový management v sprivatizovaných podnikoch. Význam vzťahu medzi manažérmi a odbormi. Hmotné zabezpečenie manažérov. Príčiny vysokej fluktuácie manažérov v ČR. | ||
| 610 | 2 | 0 | |a manažéri |
| 610 | 2 | 0 | |a manažment |
| 610 | 2 | 0 | |a riadenie vrcholové |
| 610 | 2 | 0 | |a podnik súkromný |
| 610 | 2 | 0 | |a odbory |
| 610 | 2 | 0 | |a Česká manažérska asociácia |
| 610 | 2 | 0 | |a ČSFR |
| 100 | 1 | |a Frýbert, B. | |
| 700 | 1 | |a Hejkal, J. | |